<The> Effects of Single Monetary Policy on Financial Position of Firms in the Slovak Republic
Európska centrálna banka začala v roku 2009 stimulovať európske ekonomiky, pretože krajiny Európskej únie čelili nízkému rastu a nízkej úrovni inflácie po globálnej finančnej a dlhovej kríze. Zhodnotenie vplyvu velmi nízkých a negativných úrokových sadzieb na finančnú situáciu výrobných firiem v Slo...
Salvato in:
| Autore principale: | |
|---|---|
| Altri autori: | |
| Natura: | Capitolo di libro |
| Lingua: | inglese |
| Soggetti: | |
| Tags: |
Nessun Tag, puoi essere il primo ad aggiungerne!!
|
MARC
| LEADER | 00000naa a2200000 4500 | ||
|---|---|---|---|
| 001 | 0246857 | ||
| 005 | 20221104111316.6 | ||
| 041 | 0 | |a eng | |
| 044 | |a SK | ||
| 245 | 1 | 0 | |a <The> Effects of Single Monetary Policy on Financial Position of Firms in the Slovak Republic |c Veronika Kajurová, Dagmar Linnertová |
| 520 | |a Európska centrálna banka začala v roku 2009 stimulovať európske ekonomiky, pretože krajiny Európskej únie čelili nízkému rastu a nízkej úrovni inflácie po globálnej finančnej a dlhovej kríze. Zhodnotenie vplyvu velmi nízkých a negativných úrokových sadzieb na finančnú situáciu výrobných firiem v Slovenskej republike pomocou tzv. rozvahového kanálu (balance sheet channel). | ||
| 610 | 2 | 0 | |a podnik výrobný |
| 610 | 2 | 0 | |a Slovensko |
| 610 | 2 | 0 | |a sadzby úrokové |
| 610 | 2 | 0 | |a inflácia |
| 610 | 2 | 0 | |a Európska únia |
| 610 | 2 | 0 | |a banky |
| 610 | 2 | 0 | |a politika menová |
| 610 | 2 | 0 | |a stabilita finančná |
| 100 | 1 | |a Kajurová, Veronika | |
| 700 | 1 | |a Linnertová, Dagmar | |